00342nam a2200133Ia 450000500170000000800410001704100080005808200160006610000180008224500260010026000500012630000090017665000230018520250729165748.0250729s2003 xx 000 0 und d aeng a001.51 BALP aBalaguru Samy aProgramming with Java aNew DelhibTata MC Graw Hill Publishingc2003 a453p aComputer Education